000 00232nam a22000857a 4500
008 160909b xxu||||| |||| 00| 0 eng d
100 _9341
_aMisra R.R
245 _aSecondary Chemistry for us-X
260 _aNew Delhi
_bArya publication
_c2007
999 _c3001
_d3001